| 000 | 00480nam a2200169Ia 4500 | ||
|---|---|---|---|
| 005 | 20240729013234.0 | ||
| 008 | 240331s9999 xx 000 0 und d | ||
| 020 | _a9559102575 | ||
| 082 |
_bUYA _a172.954 |
||
| 100 | _aUyangoda,J | ||
| 245 | 0 |
_aBeyond Mediation, Negotiation and Negative Peace : _bTowards Transformative Peace in Sri Lanka |
|
| 260 |
_aColombo _bSocial Scientist's Association _c2006 |
||
| 300 | _a43 p ., | ||
| 650 | _aPeace | ||
| 650 | _aPolitics | ||
| 942 | _cL | ||
| 999 |
_c5780 _d5780 |
||